| 000 | 00470nam a2200181Ia 4500 | ||
|---|---|---|---|
| 003 | OSt | ||
| 005 | 20260212151017.0 | ||
| 020 | _a978-81-89005-70-2 | ||
| 040 | _cLC | ||
| 050 | _aLB 875 .A 76 2010 | ||
| 100 | _aARORA, NEETA | ||
| 245 | 0 | _aEDUCATIONAL PHILOSOPHY | |
| 260 |
_aNEW DELHI, _bSAURABH PUBLISHING HOUSE, _c2010, |
||
| 300 | _a286 P, ILL | ||
| 500 | _aINCLUDES BIBLIOGRAPHICAL REFERENCES AND INDEX | ||
| 650 | _a Education-Philosophy | ||
| 942 |
_cBK _2lcc |
||
| 999 |
_c170956 _d170956 |
||